| 000 | 00516nam a2200145Ia 4500 | ||
|---|---|---|---|
| 008 | 170221s9999 xx 000 0 und d | ||
| 100 | _aMartin S. Bressler | ||
| 245 | _aHow small businesses master the art of competition through superior competitive advantage | ||
| 245 | _cMartin S. Bressler, Southeastern Oklahoma State University. | ||
| 260 | _bJournal of Management and Marketing Research | ||
| 260 | _c2012 | ||
| 300 | _a1 : 5 | ||
| 650 | _xBusiness | ||
| 856 | _uhttp://www.aabri.com/manuscripts/121156.pdf | ||
| 999 |
_c313361 _d313361 |
||